Industrial labour relation, collective bargaining agreement and labour law for professional and tertiary students (Record no. 5950)

MARC details
000 -LEADER
fixed length control field 01195nam a22001697a 4500
020 ## - INTERNATIONAL STANDARD BOOK NUMBER
ISBN 9789988115814
050 ## - CALL NUMBER
Classification number KRX1220
Item number .Ab8
100 ## - AUTHOR
Personal name Abrefa - Gyan, Kwame
245 ## - TITLE
Title Industrial labour relation, collective bargaining agreement and labour law for professional and tertiary students
Statement of responsibility, etc Abrefa - Gyan, Kwame
260 ## - PUBLICATION INFORMATION
Place of publication Accra - Ghana
Name of publisher Methodist Book Depot Ltd
Year of publication 2008
300 ## - DESCRIPTION
Number of Pages vi,287p.:
Dimensions 22cm.
505 ## - FORMATTED CONTENTS NOTE
Table of Content Factors influence change in industrial relations --<br/>The meaning of labour relations and its objectives--<br/>A sound industrial relations systems and its objectives--<br/>The role of law in industrial relations --<br/>Collective bargaining--<br/>Labour court--<br/>Labour relations vis a vis human resource management polices and practice at the enterprise level--<br/>development of unionism in Ghana--<br/>Trade Unions<br/>Military interventions in Ghana--<br/>Labour law--<br/>Highlights of the labour Act (Act 651)--<br/>Various Liability --<br/>Labour Unions--<br/>Grievance Procedure --<br/>Conflict Resolution in Organisation--<br/>Globalisation<br/><br/><br/>
650 ## - SUBJECTS
Topical Term labour law and legistation Ghana
650 ## - SUBJECTS
Topical Term Collective labour agreement - Ghana
650 ## - SUBJECTS
Topical Term collective labour law - Ghana
942 ## - ADDED ENTRY ELEMENTS (KOHA)
Koha item type Books
Holdings
Withdrawn status Lost status Collection code Home library Current library Shelving location Date acquired Source of acquisition Full call number Accession Number Koha item type
    Reference Methodist University Library Wenchi Faculty Methodist University Library Wenchi Faculty General Stacks 29/08/2019 Donation from Abrefa- Gyan KRX1220 .Ab8 7553 Books
    Reference Methodist University Library Wenchi Faculty Methodist University Library Wenchi Faculty General Stacks 29/08/2019 Donation from Abrefa- Gyan KRX1220 .Ab8 7552 Books
      Methodist University Library Wenchi Faculty Methodist University Library Wenchi Faculty General Stacks 29/08/2019 Donation from Abrefa- Gyan KRX1220 .Ab8 7551 Books
      Methodist University Library Wenchi Faculty Methodist University Library Wenchi Faculty General Stacks 29/08/2019 Donation from Abrefa- Gyan KRX1220 .Ab8 7550 Books
      Methodist University Library Wenchi Faculty Methodist University Library Wenchi Faculty General Stacks 29/08/2019 Donation from Abrefa- Gyan KRX1220 .Ab8 7549 Books
      Methodist University Library Wenchi Faculty Methodist University Library Wenchi Faculty General Stacks 29/08/2019 Donation from Abrefa- Gyan KRX1220 .Ab8 7548 Books
      Methodist University Library Wenchi Faculty Methodist University Library Wenchi Faculty General Stacks 29/08/2019 Donation from Abrefa- Gyan KRX1220 .Ab8 7547 Books
Copyright © 2026  MUG Library